|
|
|
|
| LEADER |
00820cam a2200253 7i4500 |
| 001 |
0000033876 |
| 005 |
20161116090000.0 |
| 007 |
##ta |
| 008 |
161116t20152015my e 000 0 eng |
| 020 |
# |
# |
|a 9789674160630
|
| 040 |
# |
# |
|a BNM
|
| 090 |
0 |
0 |
|a B 658.045
|b AZM
|
| 100 |
0 |
# |
|a Azman Manap
|e author
|
| 245 |
0 |
0 |
|a HOW TO GROW YOUR BUSINESS :
|b ENDURING SETBACKS AND CRISIS TO ACHIEVE BUSINESS GROWTH AND SUCCESS
|c Azman Manap.
|
| 250 |
0 |
0 |
|a First Edition Feb 2015.
|
| 264 |
# |
4 |
|a ♭2015.
|
| 264 |
# |
1 |
|a Petaling Jaya, Selangor:
|b TrueWealth Sdn Bhd,
|c 2015.
|
| 300 |
# |
# |
|a xiv, 148 pages;
|c 21 cm.
|
| 336 |
# |
# |
|a text
|2 rdacontent
|
| 337 |
# |
# |
|a unmediated
|2 rdamedia
|
| 338 |
# |
# |
|a volume
|2 rdacarrier
|
| 650 |
# |
0 |
|a Success in business
|
| 650 |
# |
0 |
|a Business planning
|
| 999 |
|
|
|a B000038192
|b Book
|c Book
|e Business Information Centre
|